| 000 | 00638 a2200193 4500 | ||
|---|---|---|---|
| 020 | _a0071156542 | ||
| 020 | _a9780071156547 | ||
| 090 |
_c3036 _d3036 |
||
| 100 | 1 | _aArgenti, Paul. | |
| 245 | 1 | 0 |
_aCorporate communication / _cPaul Argenti. |
| 250 | _aInternat.2r.e. ed. | ||
| 260 |
_a[S.l.] : _bMcGraw-Hill Education (ISE Editions), _c1998. |
||
| 300 | _a200 p. | ||
| 500 | _aImport. | ||
| 500 | _aPaperback. | ||
| 856 | 4 | 0 |
_3Amazon.com _uhttp://www.amazon.com/exec/obidos/ASIN/0071156542/chopaconline-20 |
| 856 | 4 | 0 |
_3Amazon customer reviews _uhttp://www.chopac.org/cgi-bin/tools/azrev.pl?q=0071156542 |
| 942 |
_aNBS _cBK _k658.45 ARG |
||
| 999 |
_c345526 _d345526 |
||